| Tag |
First Indicator |
Second Indicator |
Subfields |
| LEADER |
00000cam a2200000 i 4500 |
| 001 |
in00000040627 |
| 005 |
20151007074528.0 |
| 008 |
760224c19671966enk 00011 eng d |
| 035 |
|
|
|a (OCoLC)02010075
|
| 035 |
|
|
|9 AAF1662AM
|
| 040 |
|
|
|a EMU
|c EMU
|d TXA
|d UtOrBLW
|
| 049 |
|
|
|a TXAS
|c [1101766]
|
| 090 |
|
|
|a PZ4.S538
|b Mi 1967
|
| 100 |
1 |
|
|a Sheckley, Robert,
|d 1928-2005.
|
| 245 |
1 |
0 |
|a Mindswap :
|b a novel /
|c by Robert Sheckley.
|
| 264 |
|
1 |
|a London :
|b Science Fiction Book Club,
|c 1967
|
| 264 |
|
4 |
|c ©1966
|
| 300 |
|
|
|a 216 pages ;
|c 19 cm.
|
| 336 |
|
|
|a text
|b txt
|2 rdacontent
|
| 337 |
|
|
|a unmediated
|b n
|2 rdamedia
|
| 338 |
|
|
|a volume
|b nc
|2 rdacarrier
|
| 999 |
|
|
|a MARS
|
| 999 |
f |
f |
|s ed2f0bb0-9fb5-3ba9-ac3f-83e4b84a5a89
|i 4caed36a-da37-34e1-a105-1292cdd8cc3a
|t 0
|
| 952 |
f |
f |
|p noncirc
|a Texas A&M University
|b College Station
|c Cushing Memorial Library & Archives
|d Cushing: Science Fiction (Does not check out)
|t 0
|e PZ4.S538 Mi 1967
|h Library of Congress classification
|i unmediated -- volume
|m A14800450294
|
| 998 |
f |
f |
|a PZ4.S538 Mi 1967
|t 0
|l Cushing: Science Fiction (Does not check out)
|